| 000 | 00803nam a2200229 a 4500 | ||
|---|---|---|---|
| 001 | 000027657 | ||
| 005 | 20200930031009.0 | ||
| 008 | 110404s1997 dr 000 0 spa d | ||
| 040 |
_aDO-SdBNP _bspa _cBNPHU |
||
| 082 |
_a234.165 _bP579u |
||
| 100 | 1 |
_aPiña Bello, Fausto _954742 |
|
| 245 | 1 | 0 |
_aUna nueva perspectiva para un matrimonio feliz / _cFausto Piña Bello. |
| 260 |
_aLa Vega, República Dominicana : _bImprenta Enriquillo, _c1997. |
||
| 300 |
_a104 p. ; _c22 cm. |
||
| 504 | _aBibliografía : p. 105 | ||
| 590 | _aInventariado, 2018/BT | ||
| 650 | 4 |
_aMatrimonio _xAspectos morales _943277 |
|
| 650 | 4 |
_aMatrimonio _xAspectos religiosos _92391 |
|
| 650 | 4 |
_aFamilia _xEnsayos, conferencias, etc. _954743 |
|
| 650 | 4 |
_aSexo en el matrimonio _9804 |
|
| 910 | _aValidado. Control de calidad. EMS | ||
| 999 |
_c27149 _d27149 |
||